| 000 | 00939nam a2200313 a 4500 | ||
|---|---|---|---|
| 001 | vtls000103781 | ||
| 003 | NLI | ||
| 005 | 20210601202118.0 | ||
| 008 | 101125s1969 enk 001 0 eng | ||
| 020 | _cRs. 4.00 | ||
| 039 | 9 |
_y201011251146 _zVLOAD |
|
| 040 |
_aNLI _beng _cDataSoft _eAACR2 |
||
| 041 | 0 | _aeng | |
| 044 | _aenk | ||
| 082 | 0 | 4 | _a320.947 |
| 100 | 1 |
_aIonescu, Ghita _9218771 |
|
| 245 | 1 | 4 |
_aThe politics of the European communist states / _cGhita Ionescn |
| 260 |
_aLondon : _bWeidenfeld And Nicolson, _c1969 |
||
| 300 |
_avii, 301 p. ; _c22 cm. |
||
| 500 | _aIncludes index | ||
| 650 | 0 |
_aPluralism (Social science) _zSoviet Union _9218772 |
|
| 650 | 0 |
_aSocialism _zSoviet Union _9207980 |
|
| 651 | 0 |
_aSoviet Union _xPolitics and government _93633 |
|
| 887 | _a | ||
| 901 |
_a396999 _b19.06.1970 |
||
| 902 | _aE320.947 Io6 | ||
| 949 |
_AVIRTUAITEM _D10000 _X100 _6PUR000396999ENG |
||
| 942 |
_2ddc _cBKS |
||
| 999 |
_aVIRTUA00 _c108572 _d108572 |
||